Základní úlohy deskriptivní geometrie v modelech /

Gespeichert in:
Bibliographische Detailangaben
1. Verfasser: Kupčáková, Marie (Verfasst von)
Format: Buch
Sprache:Tschechisch
Veröffentlicht: Praha : Nakladatelství Prometheus, spol. s.r.o., 2010
Ausgabe:dotlač 1. vydania
Schlagworte:
Tags: Tag hinzufügen
Keine Tags, Fügen Sie das erste Tag hinzu!

MARC

LEADER 00000nam a22000003a 4500
001 0065609
003 SK-STU
005 20190401092024.0
007 ta
008 180615s ----xo-----e------000-0-----d
020 |a 978-80-7196-244-1 
040 |a STU  |b slo 
041 0 |a cze 
044 |a xr 
100 1 |a Kupčáková, Marie  |4 aut 
245 1 0 |a Základní úlohy deskriptivní geometrie v modelech /  |c aut. Marie Kupčáková 
250 |a dotlač 1. vydania 
260 |a Praha :  |b Nakladatelství Prometheus, spol. s.r.o.,  |c 2010 
300 |a 63 s. 
650 0 7 |a deskriptívna geometria 
650 0 7 |a návody 
996 |b 284AS03763  |c A* 10809/S  |l AAKNST  |s P  |a 0  |w 0065609_0001